[Event "NDVM 2025 U16"]
[Site "Binz"]
[Date "2025.09.07"]
[Round "6.2"]
[White "Möller, Tom"]
[Black "Schäfer, Benjamin"]
[Result "1-0"]
[EventDate "2025.09.05"]
[Time "14:30:00"]
[Board "2"]
[WhiteElo "1919"]
[BlackElo "1967"]
[WhiteNrv "1920"]
[BlackNrv "1895"]
[WhiteTwz "1920"]
[BlackTwz "1895"]
[WhiteTitle "-"]
[BlackTitle "-"]
[WhiteFideId "16287215"]
[BlackFideId "34616390"]
[WhiteNatFedId "10713995"]
[BlackNatFedId "10725457"]
[WhiteAttr "M"]
[BlackAttr "M"]
[WhiteTeam "Hagener SV"]
[BlackTeam "SV Königsjäger Süd-West e.V."]
[PlyCount "0"]
[Annotator "Rnd./Pair./Board: 06.001.02"]

1. d4 d5 2. Nc3 c5 3. Bf4 Nc6 4. e3 cxd4 5. exd4 Bf5 6. Nf3 e6 7. Bb5 Bd6 8. Bxd6 Qxd6 9. O-O Nf6 10. Re1 O-O 11. Ne2 Nb4 12. Ba4 Rfc8 13. Nc3 Ne4 14. Nxe4 Bxe4 15. c3 Nd3 16. Re2 Bxf3 17. gxf3 Nf4 18. Re5 Qe7 19. Qd2 Qh4 20. Kh1 f6 21. Re3 Rc7 22. Rg1 h5 23. Rg3 Rb8 24. Re1 b5 25. Bc2 Rbc8 26. Bb1 b4 27. cxb4 Rc4 28. Bd3 R4c7 29. a4 Kh8 30. b5 f5 31. a5 Nxd3 32. Qxd3 Rc1 33. Rxc1 Rxc1+ 34. Kg2 Rc4 35. b6 axb6 36. axb6 Qxd4 37. Qa3 Rc8 38. Qd6 Qxb2 39. Qxe6 Rf8 40. Rh3 g6 41. Qxg6 Qg7 42. Rxh5+ Kg8 43. Qxg7+ Kxg7 44. b7 Kg6 45. Rh4 Rb8 46. Rb4 Kf6 47. f4 Ke6 48. Kf3 d4 49. Ke2 Kd5 50. Kd3 Kc5 51. Rb1 1-0

[Event "NDVM 2025 U16"]
[Site "Binz"]
[Date "2025.09.07"]
[Round "6.3"]
[White "Thümler, Floris"]
[Black "Schöne, Finn"]
[Result "1-0"]
[EventDate "2025.09.05"]
[Time "14:30:00"]
[Board "3"]
[WhiteElo "1844"]
[BlackElo "1914"]
[WhiteNrv "1747"]
[BlackNrv "1870"]
[WhiteTwz "1747"]
[BlackTwz "1870"]
[WhiteTitle "-"]
[BlackTitle "-"]
[WhiteFideId "16296435"]
[BlackFideId "34623493"]
[WhiteNatFedId "10720115"]
[BlackNatFedId "10781329"]
[WhiteAttr "M"]
[BlackAttr "M"]
[WhiteTeam "SV Königsjäger Süd-West e.V."]
[BlackTeam "Hagener SV"]
[PlyCount "0"]
[Annotator "Rnd./Pair./Board: 06.001.03"]

1. e4 c5 2. Nf3 e6 3. c4 Nc6 4. Nc3 a6 5. Be2 Nf6 6. O-O Be7 7. d4 cxd4 8. Nxd4 Qc7 9. Be3 O-O 10. Qd2 Rd8 11. Rac1 d6 12. f3 b6 13. Nd5 Qb7 14. Nxc6 exd5 15. Nxd8 Bxd8 16. cxd5 Nd7 17. f4 Kh8 18. Bg4 Nf6 19. Bxc8 Rxc8 20. Rxc8 Qxc8 21. Rc1 Qg4 22. e5 dxe5 23. fxe5 Ne4 24. Qc2 h6 25. Qc8 Qh4 26. Bxb6 Kh7 27. Qf5+ Kh8 28. Bxd8 f6 29. exf6 g6 30. f7 1-0

[Event "NDVM 2025 U16"]
[Site "Binz"]
[Date "2025.09.07"]
[Round "6.1"]
[White "Kuhlmann, Nils Magnus"]
[Black "Lu, Yunong Elias"]
[Result "1/2-1/2"]
[EventDate "2025.09.05"]
[Time "14:30:00"]
[Board "1"]
[WhiteElo "1841"]
[BlackElo "2106"]
[WhiteNrv "1790"]
[BlackNrv "2073"]
[WhiteTwz "1790"]
[BlackTwz "2073"]
[WhiteTitle "-"]
[BlackTitle "-"]
[WhiteFideId "16287177"]
[BlackFideId "16276426"]
[WhiteNatFedId "10827143"]
[BlackNatFedId "10711099"]
[WhiteAttr "M"]
[BlackAttr "M"]
[WhiteTeam "USC Magdeburg"]
[BlackTeam "Hamburger SK von 1830 eV"]
[PlyCount "0"]
[Annotator "Rnd./Pair./Board: 06.002.01"]

1. e4 c6 2. d4 d5 3. exd5 cxd5 4. Bd3 Nc6 5. c3 Qc7 6. Ne2 Nf6 7. Bf4 Qb6 8. Qb3 Qd8 9. Nd2 g6 10. Nf3 Bg7 11. h3 O-O 12. O-O a6 13. Ne5 Nxe5 14. Bxe5 Ne8 15. Bg3 e6 16. Rfe1 h5 17. Qb4 Bf6 18. Be5 a5 19. Qb3 a4 20. Qc2 Bxe5 21. dxe5 b6 22. a3 Ba6 23. Bxa6 Rxa6 24. Nd4 Qd7 25. Qd3 Ra5 26. Re3 Rc5 27. Rg3 Ng7 28. Rd1 Rfc8 29. f4 Rc4 30. Rd2 Kf8 31. Rg5 b5 32. Kh2 Rb8 33. Rg3 Qe7 34. Rf3 h4 35. Nc2 Nh5 36. Qe3 Ng3 37. Rd4 Nf5 38. Qf2 Nxd4 39. Nxd4 Kg7 40. g4 hxg3+ 41. Qxg3 Rxd4 42. cxd4 b4 43. h4 bxa3 44. bxa3 Rb2+ 45. Kh3 Qb7 46. h5 Rb3 47. hxg6 fxg6 48. Kg4 Rxf3 49. Qxf3 Qb1 50. Qc3 Qg1+ 51. Kf3 Qf1+ 52. Kg3 Qg1+ 53. Kf3 Qd1+ 54. Ke3 Kh6 55. Kf2 Qg4 56. Qf3 Kh5 57. Qg3 g5 58. Qxg4+ Kxg4 59. fxg5 Kh5 60. Kf3 Kxg5 1/2-1/2

[Event "NDVM 2025 U16"]
[Site "Binz"]
[Date "2025.09.07"]
[Round "6.2"]
[White "Haertel, Leon"]
[Black "Pham, Jacky"]
[Result "1-0"]
[EventDate "2025.09.05"]
[Time "14:30:00"]
[Board "2"]
[WhiteElo "1900"]
[BlackElo "1647"]
[WhiteNrv "1892"]
[BlackNrv "1680"]
[WhiteTwz "1892"]
[BlackTwz "1680"]
[WhiteTitle "-"]
[BlackTitle "-"]
[WhiteFideId "34623736"]
[BlackFideId "34611606"]
[WhiteNatFedId "10719991"]
[BlackNatFedId "10766089"]
[WhiteAttr "M"]
[BlackAttr "M"]
[WhiteTeam "Hamburger SK von 1830 eV"]
[BlackTeam "USC Magdeburg"]
[PlyCount "0"]
[Annotator "Rnd./Pair./Board: 06.002.02"]

1. d4 Nf6 2. c4 c5 3. d5 b5 4. Qc2 b4 5. e4 d6 6. Bd3 g6 7. f4 Bg7 8. Nf3 O-O 9. O-O e6 10. Re1 exd5 11. cxd5 Bg4 12. Nbd2 a6 13. h3 Bxf3 14. Nxf3 Re8 15. Rb1 Ra7 16. Bd2 Qb6 17. Bc4 Ree7 18. e5 Nfd7 19. e6 fxe6 20. Rxe6 Nf8 21. Rxe7 Rxe7 22. Rf1 Nbd7 23. Be1 Nf6 24. Bh4 Re8 25. f5 Qb7 26. g4 Kh8 27. g5 Nxd5 28. Bxd5 Qxd5 29. f6 Re3 30. fxg7+ Kxg7 31. Qf2 Re8 32. Nh2 Nd7 33. Ng4 Rb8 34. Nf6 Nxf6 35. gxf6+ Kf7 36. Re1 Qxa2 37. Qe3 Kg8 38. Qh6 1-0

[Event "NDVM 2025 U16"]
[Site "Binz"]
[Date "2025.09.07"]
[Round "6.3"]
[White "Schönherr, Stijn"]
[Black "Kellner, Anton"]
[Result "0-1"]
[EventDate "2025.09.05"]
[Time "14:30:00"]
[Board "3"]
[WhiteElo "1664"]
[BlackElo "1869"]
[WhiteNrv "1654"]
[BlackNrv "1813"]
[WhiteTwz "1654"]
[BlackTwz "1813"]
[WhiteTitle "-"]
[BlackTitle "-"]
[WhiteFideId "34611622"]
[BlackFideId "16293185"]
[WhiteNatFedId "10756305"]
[BlackNatFedId "10677811"]
[WhiteAttr "M"]
[BlackAttr "M"]
[WhiteTeam "USC Magdeburg"]
[BlackTeam "Hamburger SK von 1830 eV"]
[PlyCount "0"]
[Annotator "Rnd./Pair./Board: 06.002.03"]

1. e4 c5 2. c3 Nf6 3. e5 Nd5 4. Nf3 Nc6 5. Bc4 Nb6 6. Bb3 c4 7. Ba4 Qc7 8. Bxc6 Qxc6 9. O-O d6 10. h3 g6 11. Re1 Bg7 12. Qe2 Qc7 13. b3 d5 14. d4 Bf5 15. Bf4 O-O 16. Qe3 e6 17. Nbd2 Rfc8 18. Rac1 a5 19. Bh6 Qe7 20. Bxg7 Kxg7 21. Nb1 cxb3 22. axb3 a4 23. bxa4 Nxa4 24. Nfd2 b5 25. g4 Bxb1 26. Nxb1 Qd8 27. Qg3 Rc6 28. Re3 Rac8 29. Kf1 b4 30. Ke2 Qb6 31. Rd3 bxc3 32. Qe3 Qb2+ 33. Ke1 c2 34. Na3 Rc3 35. Rxc3 Rxc3 36. Qf4 Qxa3 37. Qf6+ Kg8 38. Qd8+ Qf8 39. Qa5 Rc4 40. Kf1 Qc8 41. Qa7 Nb2 42. Ke2 Rc3 0-1

[Event "NDVM 2025 U16"]
[Site "Binz"]
[Date "2025.09.07"]
[Round "6.4"]
[White "Gretzinger, Maximilian"]
[Black "Nozdrin, Konstantin"]
[Result "1-0"]
[EventDate "2025.09.05"]
[Time "14:30:00"]
[Board "4"]
[WhiteElo "1752"]
[BlackElo "1701"]
[WhiteNrv "1683"]
[BlackNrv "1265"]
[WhiteTwz "1683"]
[BlackTwz "1265"]
[WhiteTitle "-"]
[BlackTitle "-"]
[WhiteFideId "34694960"]
[BlackFideId "533038821"]
[WhiteNatFedId "10840697"]
[BlackNatFedId "10700121"]
[WhiteAttr "M"]
[BlackAttr "M"]
[WhiteTeam "Hamburger SK von 1830 eV"]
[BlackTeam "USC Magdeburg"]
[PlyCount "0"]
[Annotator "Rnd./Pair./Board: 06.002.04"]

1. e4 c5 2. Nf3 Nc6 3. Bb5 Nd4 4. Nxd4 cxd4 5. O-O e5 6. a4 a6 7. Be2 Nf6 8. d3 d6 9. Nd2 d5 10. exd5 Nxd5 11. Nc4 Bd6 12. Bf3 Nb4 13. Bd2 Nc6 14. Bxc6+ bxc6 15. Re1 Qf6 16. Nxd6+ Qxd6 17. f4 f6 18. fxe5 fxe5 19. Qh5+ g6 20. Rxe5+ Kd7 21. Qg4+ Kc7 22. Qe4 Bf5 23. Re7+ Kb6 24. a5+ Kb5 25. Rb7+ Kc5 26. b4# 1-0

[Event "NDVM 2025 U16"]
[Site "Binz"]
[Date "2025.09.07"]
[Round "6.1"]
[White "Pimenov, Danil"]
[Black "Peilert, Maximilian"]
[Result "1-0"]
[EventDate "2025.09.05"]
[Time "14:30:00"]
[Board "1"]
[WhiteElo "1966"]
[BlackElo "1784"]
[WhiteNrv "1939"]
[BlackNrv "1868"]
[WhiteTwz "1939"]
[BlackTwz "1868"]
[WhiteTitle "-"]
[BlackTitle "-"]
[WhiteFideId "34600248"]
[BlackFideId "34686312"]
[WhiteNatFedId "10705507"]
[BlackNatFedId "10653655"]
[WhiteAttr "M"]
[BlackAttr "M"]
[WhiteTeam "SC Borussia Lichtenberg"]
[BlackTeam "Think Rochade - SC HRO"]
[PlyCount "0"]
[Annotator "Rnd./Pair./Board: 06.003.01"]

1. e4 c6 2. d4 d5 3. exd5 cxd5 4. Bd3 Nf6 5. h3 Nc6 6. c3 e5 7. dxe5 Nxe5 8. Nf3 Nxd3+ 9. Qxd3 Bd6 10. O-O O-O 11. Bg5 h6 12. Bh4 g5 13. Bg3 Bxg3 14. fxg3 g4 15. hxg4 Nxg4 16. Nd4 Qg5 17. Nd2 Ne5 18. Qe2 Bg4 19. N2f3 Nxf3+ 20. Nxf3 Rfd8 21. Qd3 Qg6 22. Qd4 Be6 23. Qf4 Rac8 24. Nd4 Rd7 25. Rae1 Kg7 26. Qe5+ Kh7 27. Nxe6 fxe6 28. Rf6 Qg7 29. Qxe6 Rcd8 30. Qf5+ Kh8 31. Ree6 1-0

[Event "NDVM 2025 U16"]
[Site "Binz"]
[Date "2025.09.07"]
[Round "6.2"]
[White "Vakeel, Eshwar"]
[Black "Svanidze, Alexander"]
[Result "0-1"]
[EventDate "2025.09.05"]
[Time "14:30:00"]
[Board "2"]
[WhiteElo "1672"]
[BlackElo "1815"]
[WhiteNrv "1666"]
[BlackNrv "1807"]
[WhiteTwz "1666"]
[BlackTwz "1807"]
[WhiteTitle "-"]
[BlackTitle "-"]
[WhiteFideId "34626514"]
[BlackFideId "34623469"]
[WhiteNatFedId "10736037"]
[BlackNatFedId "10768095"]
[WhiteAttr "M"]
[BlackAttr "M"]
[WhiteTeam "Think Rochade - SC HRO"]
[BlackTeam "SC Borussia Lichtenberg"]
[PlyCount "0"]
[Annotator "Rnd./Pair./Board: 06.003.02"]

1. d4 Nf6 2. c4 e6 3. Nc3 d5 4. cxd5 exd5 5. Bg5 Be7 6. e3 c6 7. Bd3 O-O 8. Qc2 h6 9. Bh4 Re8 10. Nf3 Nbd7 11. O-O Ne4 12. Bxe4 Bxh4 13. Bh7+ Kh8 14. Nxh4 Qxh4 15. Bd3 Nf6 16. Rab1 Ng4 17. h3 Nf6 18. b4 g5 19. Bf5 g4 20. Bxc8 Raxc8 21. Qf5 Rg8 22. Kh1 Rce8 23. b5 Re6 24. bxc6 Rxc6 25. Ne2 Ne4 26. Qxf7 Rf6 27. Qe7 Nxf2+ 28. Rxf2 Qxf2 29. Rxb7 Qf5 30. Ng3 Qg6 31. h4 Re6 32. Qd7 Rxe3 33. Qxd5 Qf6 34. Qd7 Re1+ 35. Kh2 Qxh4# 0-1

[Event "NDVM 2025 U16"]
[Site "Binz"]
[Date "2025.09.07"]
[Round "6.3"]
[White "Gerull, Noah"]
[Black "Tank, Julian"]
[Result "1-0"]
[EventDate "2025.09.05"]
[Time "14:30:00"]
[Board "3"]
[WhiteElo "1825"]
[BlackElo "1692"]
[WhiteNrv "1761"]
[BlackNrv "1696"]
[WhiteTwz "1761"]
[BlackTwz "1696"]
[WhiteTitle "-"]
[BlackTitle "-"]
[WhiteFideId "34661395"]
[BlackFideId "34686339"]
[WhiteNatFedId "10808499"]
[BlackNatFedId "10764561"]
[WhiteAttr "M"]
[BlackAttr "M"]
[WhiteTeam "SC Borussia Lichtenberg"]
[BlackTeam "Think Rochade - SC HRO"]
[PlyCount "0"]
[Annotator "Rnd./Pair./Board: 06.003.03"]

1. d4 d5 2. Nf3 Nf6 3. Bf4 c5 4. e3 Nc6 5. Nbd2 Bg4 6. c3 e6 7. h3 Bh5 8. Be2 Bd6 9. Ne5 Bxe2 10. Qxe2 O-O 11. O-O c4 12. b3 Bxe5 13. dxe5 Nd7 14. Nf3 b5 15. b4 a5 16. a3 axb4 17. axb4 Qb6 18. Bg3 Ra6 19. e4 Rxa1 20. Rxa1 d4 21. Nxd4 Nxd4 22. cxd4 Qxd4 23. Rd1 Qa7 24. Qd2 Nb6 25. Qd4 Qb7 26. Bh4 h6 27. Qc5 g5 28. Bg3 Na4 29. Qe3 Qb6 30. Qc1 Rd8 31. h4 Rd3 32. Rxd3 cxd3 33. hxg5 h5 34. Qc8+ Kg7 35. Qd7 Nb2 36. Bf4 Qa6 37. Qe7 Qc8 38. Qf6+ Kg8 39. g6 Qf8 40. Bh6 1-0

[Event "NDVM 2025 U16"]
[Site "Binz"]
[Date "2025.09.07"]
[Round "6.1"]
[White "Helms, Finn"]
[Black "Böhler, Yannic"]
[Result "1-0"]
[EventDate "2025.09.05"]
[Time "14:30:00"]
[Board "1"]
[WhiteElo "2106"]
[BlackElo "1848"]
[WhiteNrv "2105"]
[BlackNrv "1865"]
[WhiteTwz "2105"]
[BlackTwz "1865"]
[WhiteTitle "-"]
[BlackTitle "-"]
[WhiteFideId "16249143"]
[BlackFideId "34609059"]
[WhiteNatFedId "10635853"]
[BlackNatFedId "10763953"]
[WhiteAttr "M"]
[BlackAttr "M"]
[WhiteTeam "SAbt SV Werder Bremen"]
[BlackTeam "SC Schachelschweine e.V."]
[PlyCount "0"]
[Annotator "Rnd./Pair./Board: 06.004.01"]

1. e4 c5 2. Nf3 d6 3. d4 cxd4 4. Nxd4 Nf6 5. Nc3 a6 6. f3 e5 7. Nb3 Be6 8. Be3 Be7 9. Qd2 h5 10. O-O-O Nbd7 11. Kb1 Rc8 12. h3 b5 13. Bd3 Nb6 14. Bxb6 Qxb6 15. f4 h4 16. Rhe1 O-O 17. Nd5 Nxd5 18. exd5 Bxd5 19. fxe5 Bxb3 20. axb3 dxe5 21. Rxe5 Bf6 22. Re4 a5 23. Qe2 a4 24. Qh5 Rc5 25. Re5 g6 26. Bxg6 fxg6 27. Qxg6+ Bg7 28. Qxb6 Rxe5 29. bxa4 bxa4 30. Rd8 a3 31. Rxf8+ Bxf8 32. bxa3 Bg7 33. Qd8+ Kf7 34. Qxh4 Rb5+ 35. Kc1 1-0

[Event "NDVM 2025 U16"]
[Site "Binz"]
[Date "2025.09.07"]
[Round "6.2"]
[White "Busch, Lara Sophie"]
[Black "Jablonski, Ture"]
[Result "0-1"]
[EventDate "2025.09.05"]
[Time "14:30:00"]
[Board "2"]
[WhiteElo "1704"]
[BlackElo "1855"]
[WhiteNrv "1640"]
[BlackNrv "1787"]
[WhiteTwz "1640"]
[BlackTwz "1787"]
[WhiteTitle "-"]
[BlackTitle "-"]
[WhiteFideId "34664866"]
[BlackFideId "34640452"]
[WhiteNatFedId "10818677"]
[BlackNatFedId "10724973"]
[WhiteAttr "W"]
[BlackAttr "M"]
[WhiteTeam "SC Schachelschweine e.V."]
[BlackTeam "SAbt SV Werder Bremen"]
[PlyCount "0"]
[Annotator "Rnd./Pair./Board: 06.004.02"]

1. e4 e6 2. d4 d5 3. e5 c5 4. c3 Nc6 5. Nf3 Bd7 6. Be2 Qb6 7. O-O Nh6 8. Na3 Nf5 9. Nc2 Be7 10. h3 cxd4 11. Ncxd4 Nfxd4 12. cxd4 O-O 13. Be3 Qxb2 14. Rb1 Qxa2 15. Rxb7 Bc8 16. Rc7 Ba6 17. Bxa6 Qxa6 18. Qc1 Rfc8 19. Rxc8+ Rxc8 20. Qa1 Qxa1 21. Rxa1 a5 22. Nd2 Rb8 23. Kf1 Rb4 24. Ke2 a4 25. Kd3 Kf8 26. Rc1 Rb6 27. Ra1 a3 28. Nb1 a2 29. Nc3 Rb2 30. Bc1 Nb4+ 31. Ke3 Rb3 32. Kd2 Bg5+ 33. Kd1 Bxc1 34. Rxc1 Rxc3 35. Ra1 Ra3 36. Kc1 Nd3+ 37. Kc2 Nxf2 38. Kb2 Ra7 39. Rxa2 Rxa2+ 40. Kxa2 f6 41. exf6 gxf6 42. Kb3 e5 43. dxe5 fxe5 44. Kc3 d4+ 45. Kd2 e4 46. Ke2 e3 0-1

[Event "NDVM 2025 U16"]
[Site "Binz"]
[Date "2025.09.07"]
[Round "6.3"]
[White "Halich, Jan Finnian"]
[Black "Redmer, Till"]
[Result "1-0"]
[EventDate "2025.09.05"]
[Time "14:30:00"]
[Board "3"]
[WhiteElo "1617"]
[BlackElo "1730"]
[WhiteNrv "1575"]
[BlackNrv "1478"]
[WhiteTwz "1575"]
[BlackTwz "1478"]
[WhiteTitle "-"]
[BlackTitle "-"]
[WhiteFideId "34623710"]
[BlackFideId "34686150"]
[WhiteNatFedId "10753837"]
[BlackNatFedId "10732403"]
[WhiteAttr "M"]
[BlackAttr "M"]
[WhiteTeam "SAbt SV Werder Bremen"]
[BlackTeam "SC Schachelschweine e.V."]
[PlyCount "0"]
[Annotator "Rnd./Pair./Board: 06.004.03"]

1. d4 d5 2. Bf4 Nf6 3. e3 e6 4. Nf3 Nc6 5. c3 Bd6 6. Bg3 Ne4 7. Nbd2 Nxg3 8. hxg3 Bd7 9. Bd3 h6 10. Qc2 e5 11. dxe5 Nxe5 12. Nxe5 Bxe5 13. Nf3 Bd6 14. O-O-O Bc6 15. e4 Qd7 16. exd5 Bxd5 17. Rhe1+ Be6 18. Bf5 O-O-O 19. Bxe6 fxe6 20. Ne5 Qe8 21. Qg6 Bxe5 22. Rxd8+ Kxd8 23. Qxe8+ Rxe8 24. Rxe5 Rf8 25. f4 Kd7 26. Kd2 Rf5 27. Rxf5 exf5 28. Kd3 Kd6 29. b4 b5 30. Kd4 a6 31. a3 c6 32. c4 g6 33. Kd3 c5 34. Kc3 Kc6 35. Kb3 Kb6 36. Kc3 a5 37. bxa5+ Kxa5 38. cxb5 Kxb5 39. a4+ Kxa4 40. Kc4 g5 41. Kxc5 gxf4 42. gxf4 Kb3 43. Kd4 Kc2 44. Ke5 Kd3 45. Kxf5 Ke3 46. g4 Kf3 47. g5 1-0

[Event "NDVM 2025 U16"]
[Site "Binz"]
[Date "2025.09.07"]
[Round "6.1"]
[White "Bräutigam, Alexander"]
[Black "Erk, Ben"]
[Result "1/2-1/2"]
[EventDate "2025.09.05"]
[Time "14:30:00"]
[Board "1"]
[WhiteElo "2166"]
[BlackElo "1835"]
[WhiteNrv "2155"]
[BlackNrv "1605"]
[WhiteTwz "2155"]
[BlackTwz "1605"]
[WhiteTitle "-"]
[BlackTitle "-"]
[WhiteFideId "16245210"]
[BlackFideId "533010803"]
[WhiteNatFedId "10624201"]
[BlackNatFedId "10838769"]
[WhiteAttr "M"]
[BlackAttr "M"]
[WhiteTeam "SK Doppelbauer Kiel von 1910"]
[BlackTeam "SK Weisse Dame Hamburg"]
[PlyCount "0"]
[Annotator "Rnd./Pair./Board: 06.005.01"]

1. Nf3 d5 2. g3 Nf6 3. Bg2 c5 4. c4 d4 5. e3 Nc6 6. O-O e5 7. exd4 cxd4 8. d3 Be7 9. Re1 Nd7 10. a3 a5 11. Nbd2 O-O 12. Rb1 a4 13. Qc2 f6 14. Ne4 f5 15. Ned2 Bd6 16. b4 axb3 17. Nxb3 h6 18. Nh4 g5 19. c5 Bc7 20. Nf3 Nf6 21. Nbd2 Ra5 22. a4 Re8 23. Nc4 Ra6 24. Qb3 Kg7 1/2-1/2

[Event "NDVM 2025 U16"]
[Site "Binz"]
[Date "2025.09.07"]
[Round "6.2"]
[White "Wöll, Henry"]
[Black "Farokhi, Darian"]
[Result "1/2-1/2"]
[EventDate "2025.09.05"]
[Time "14:30:00"]
[Board "2"]
[WhiteElo "1770"]
[BlackElo "1851"]
[WhiteNrv "1693"]
[BlackNrv "1831"]
[WhiteTwz "1693"]
[BlackTwz "1831"]
[WhiteTitle "-"]
[BlackTitle "-"]
[WhiteFideId "533027161"]
[BlackFideId "16253108"]
[WhiteNatFedId "10881211"]
[BlackNatFedId "10642131"]
[WhiteAttr "M"]
[BlackAttr "M"]
[WhiteTeam "SK Weisse Dame Hamburg"]
[BlackTeam "SK Doppelbauer Kiel von 1910"]
[PlyCount "0"]
[Annotator "Rnd./Pair./Board: 06.005.02"]

1. e4 e5 2. Nf3 Nc6 3. d4 exd4 4. Nxd4 Bc5 5. Be3 Nxd4 6. Bxd4 Bxd4 7. Qxd4 Qf6 8. Qc3 Ne7 9. Qxf6 gxf6 10. Nc3 a6 11. a4 d6 12. Be2 Be6 13. O-O-O O-O-O 14. Nd5 Nxd5 15. exd5 Bf5 16. Bd3 Bg6 17. h4 h5 18. Kd2 Rde8 19. Rde1 Kd7 20. Rxe8 Rxe8 21. Re1 Re5 22. Rxe5 dxe5 23. b4 Kd6 24. c4 1/2-1/2

[Event "NDVM 2025 U16"]
[Site "Binz"]
[Date "2025.09.07"]
[Round "6.2"]
[White "Petrow, Andre"]
[Black "Wander, Nikita"]
[Result "1-0"]
[EventDate "2025.09.05"]
[Time "14:30:00"]
[Board "2"]
[WhiteElo "1835"]
[BlackElo "1592"]
[WhiteNrv "1731"]
[BlackNrv "1486"]
[WhiteTwz "1731"]
[BlackTwz "1486"]
[WhiteTitle "-"]
[BlackTitle "-"]
[WhiteFideId "34612815"]
[BlackFideId "16294092"]
[WhiteNatFedId "10769617"]
[BlackNatFedId "10724971"]
[WhiteAttr "M"]
[BlackAttr "M"]
[WhiteTeam "Lübecker SV von 1873"]
[BlackTeam "Delmenhorster SK V 1931"]
[PlyCount "0"]
[Annotator "Rnd./Pair./Board: 06.006.02"]

1. e4 e5 2. Bc4 Nc6 3. Nf3 Bc5 4. c3 Nf6 5. d3 d6 6. h3 O-O 7. O-O Ne7 8. Bg5 Ng6 9. d4 Bb6 10. dxe5 Nxe5 11. Nxe5 dxe5 12. Qf3 Be6 13. Na3 Re8 14. Bxe6 Rxe6 15. Rad1 Qe7 16. Nc2 h6 17. Bh4 Qc5 18. Ne3 c6 19. Nf5 Qf8 20. Nxh6+ Kh8 21. Nf5 Nh7 22. Rd7 g6 23. Ne3 Kg8 24. Rfd1 Rb8 25. Ng4 g5 26. Bg3 f6 27. Qf5 Re7 28. Rxe7 Qxe7 29. Rd7 1-0

[Event "NDVM 2025 U16"]
[Site "Binz"]
[Date "2025.09.07"]
[Round "6.3"]
[White "Rabe, Elina"]
[Black "Schönrock, Elia"]
[Result "1-0"]
[EventDate "2025.09.05"]
[Time "14:30:00"]
[Board "3"]
[WhiteElo "1546"]
[BlackElo "1817"]
[WhiteNrv "1497"]
[BlackNrv "1688"]
[WhiteTwz "1497"]
[BlackTwz "1688"]
[WhiteTitle "-"]
[BlackTitle "-"]
[WhiteFideId "34623531"]
[BlackFideId "533051208"]
[WhiteNatFedId "10727097"]
[BlackNatFedId "10906917"]
[WhiteAttr "W"]
[BlackAttr "M"]
[WhiteTeam "Delmenhorster SK V 1931"]
[BlackTeam "Lübecker SV von 1873"]
[PlyCount "0"]
[Annotator "Rnd./Pair./Board: 06.006.03"]

1. c4 e5 2. g3 Nf6 3. Bg2 Nc6 4. e3 Bc5 5. Ne2 d5 6. cxd5 Nxd5 7. O-O O-O 8. Nbc3 Nxc3 9. dxc3 Bg4 10. Qxd8 Raxd8 11. Re1 Rd7 12. b4 Bb6 13. Ba3 Rfd8 14. Nc1 f5 15. c4 a5 16. Bd5+ Kh8 17. b5 Nb4 18. Bxb4 axb4 19. Bxb7 f4 20. Bd5 Rf8 21. exf4 exf4 22. Nd3 fxg3 23. hxg3 Rd6 24. Kg2 Rdf6 25. f4 Bd4 26. Rac1 Bc3 27. Re7 Rc8 28. Ne5 Bh5 29. Rh1 Be8 30. Be4 h6 31. Rh4 Kg8 32. Rg4 g6 33. Nxg6 Bxg6 34. Rxg6+ Rxg6 35. Bxg6 Kf8 36. Rf7+ Kg8 37. Rf5 Kg7 38. Bh5 Ra8 39. Rf7+ Kg8 40. Rxc7 Rxa2+ 41. Kf3 Bd4 42. c5 b3 43. b6 Ra8 44. b7 Rb8 45. Bf7+ Kf8 46. Bxb3 Rxb7 47. Rxb7 Bxc5 48. g4 Be7 49. Ke4 Bh4 50. Kf5 Bg3 51. Rh7 Bf2 52. Rxh6 Bd4 53. Rh7 Bb2 54. Kg6 Bd4 55. f5 Bc5 56. f6 Ke8 57. f7+ Ke7 58. Rh8 Kd7 59. f8=Q 1-0

[Event "NDVM 2025 U16"]
[Site "Binz"]
[Date "2025.09.07"]
[Round "6.1"]
[White "Drechsler, Andor"]
[Black "Tulchynsky, Mark"]
[Result "1-0"]
[EventDate "2025.09.05"]
[Time "14:30:00"]
[Board "1"]
[WhiteElo "1747"]
[BlackElo "1830"]
[WhiteNrv "1860"]
[BlackNrv "1841"]
[WhiteTwz "1860"]
[BlackTwz "1841"]
[WhiteTitle "-"]
[BlackTitle "-"]
[WhiteFideId "16266900"]
[BlackFideId "34617698"]
[WhiteNatFedId "10685473"]
[BlackNatFedId "10678759"]
[WhiteAttr "M"]
[BlackAttr "M"]
[WhiteTeam "SAV Torgelow-Drögeheide 90"]
[BlackTeam "KSV Rochade Göttingen (Veltheim)"]
[PlyCount "0"]
[Annotator "Rnd./Pair./Board: 06.007.01"]

1. e4 c6 2. d4 d5 3. Nc3 dxe4 4. Nxe4 Nf6 5. Nxf6+ exf6 6. Bf4 Bd6 7. Bxd6 Qxd6 8. c3 Bf5 9. Bd3 Bxd3 10. Qxd3 Nd7 11. Nf3 O-O-O 12. O-O-O Qf4+ 13. Qd2 Qxd2+ 14. Rxd2 Rhe8 15. Re1 Re6 16. Rde2 Rde8 17. Kd2 Nb6 18. Rxe6 fxe6 19. Kc2 Kc7 20. Nd2 Nd7 21. f4 Re7 22. g4 Nf8 23. f5 Kd7 24. fxe6+ Rxe6 25. Rxe6 Kxe6 26. Ne4 b6 27. Kd3 Ng6 28. Ke3 Ne7 29. c4 h6 30. Ng3 f5 31. gxf5+ Nxf5+ 32. Nxf5 Kxf5 33. b4 b5 34. d5 bxc4 35. dxc6 Ke6 36. b5 g5 37. Kd4 g4 38. Kxc4 h5 39. Kd4 h4 40. Ke4 g3 41. hxg3 h3 42. Kf3 1-0

[Event "NDVM 2025 U16"]
[Site "Binz"]
[Date "2025.09.08"]
[Round "7.1"]
[White "Lu, Yunong Elias"]
[Black "Matiashvili, Alexander Michael"]
[Result "1/2-1/2"]
[EventDate "2025.09.05"]
[Time "08:30:00"]
[Board "1"]
[WhiteElo "2106"]
[BlackElo "1883"]
[WhiteNrv "2073"]
[BlackNrv "1898"]
[WhiteTwz "2073"]
[BlackTwz "1898"]
[WhiteTitle "-"]
[BlackTitle "-"]
[WhiteFideId "16276426"]
[BlackFideId "16266242"]
[WhiteNatFedId "10711099"]
[BlackNatFedId "10696495"]
[WhiteAttr "M"]
[BlackAttr "M"]
[WhiteTeam "Hamburger SK von 1830 eV"]
[BlackTeam "SV Königsjäger Süd-West e.V."]
[PlyCount "0"]
[Annotator "Rnd./Pair./Board: 07.001.01"]

1. e4 e5 2. Nf3 Nc6 3. Bc4 Nf6 4. d3 Bc5 5. O-O a6 6. a4 d6 7. c3 O-O 8. h3 h6 9. Re1 Ba7 10. Nbd2 Ne7 11. Nf1 Ng6 12. Ng3 c6 13. Ba2 Qc7 14. d4 d5 15. Nxe5 Nxe5 16. Bf4 Nxe4 17. Nxe4 dxe4 18. Bxe5 Qb6 19. Rxe4 Bb8 20. Bxb8 Rxb8 21. b4 a5 22. bxa5 Qxa5 23. Re3 Bd7 24. Re7 Qd8 25. Re5 Qf6 26. Qd3 Rfe8 27. Rae1 Rxe5 28. dxe5 Qe7 29. f4 Ra8 30. Bb3 c5 31. Qc2 c4 32. Ba2 Bxa4 33. Qf2 Rc8 34. Kh2 Qc5 35. Qg3 Bc2 36. Bb1 Bxb1 37. Rxb1 b5 38. Qg4 Rd8 39. Qf5 Qd5 40. Rb2 Qd3 41. Qxd3 Rxd3 42. Rxb5 Rxc3 1/2-1/2